Geography Quiz

Random Geography or City Quiz

UK 8 or more letter cities Quiz Stats

Quiz not verified by Sporcle

Challenge
Share
Tweet
Embed
Score 0/39 Timer 10:00
0 Plays Today
Population % Correct
503,127Manchester
92.5%
466,415Liverpool
90.6%
1,092,330Birmingham
88.7%
468,720Edinburgh
86.8%
189,120Aberdeen
84.9%
305,680Nottingham
81.1%
236,882Southampton
81.1%
329,839Leicester
79.2%
205,056Portsmouth
79.2%
552,698Sheffield
79.2%
123,867Cambridge
73.6%
256,384Plymouth
73.6%
522,452Bradford
69.8%
273,369Brighton
69.8%
280,177Newcastle upon tyne
66%
98,768Worcester
64.2%
316,915Coventry
62.3%
121,688Gloucester
62.3%
249,470Wolverhampton
62.3%
151,145Canterbury
58.5%
Population % Correct
138,375Lancaster
58.5%
256,406Kingston upon hull
56.6%
107,877Londonderry
54.7%
275,506Sunderland
54.7%
168,310Chelmsford
52.8%
140,644St albans
52.8%
249,008Stoke-on-trent
50.9%
26,795Chichester
49.1%
116,595Winchester
49.1%
40,302Salisbury
47.2%
107,524Carlisle
45.3%
57,960Inverness
45.3%
183,631Peterborough
45.3%
1,841St david's
45.3%
34,790Stirling
45.3%
58,896Hereford
41.5%
325,837Wakefield
41.5%
32,219Lichfield
30.2%
219,396Westminster
28.3%

You're not logged in!

Compare scores with friends on all Sporcle quizzes.
Join for Free
OR
Log In

You Might Also Like...

Show Comments

Extras

Top Quizzes Today


Score Distribution

Your Account Isn't Verified!

In order to create a playlist on Sporcle, you need to verify the email address you used during registration. Go to your Sporcle Settings to finish the process.

Report this User

Report this user for behavior that violates our Community Guidelines.

Details: